000 00598nam a22001697a 4500
003 UA-OsUOA
001 10389
007 ta
008 20050118b un ||||| |||| 00| 0 ukr d
942 _cSA
040 _aUA-OsUOA
_cUA-OsUOA
_dUA-OsUOA
245 _aПро призупинення приватизації підприємств нафтопереробної промисловості України : Закон України від 23 грудня 2004 р. № 2294
300 _aС.3
955 _a0
773 0 _w0
_tГолос України
_dКиїв
_d2005
_gN6/14січ./
650 7 _2UDC
999 _c296550
_d296550